000 00338 a2200157 4500
001 152054
040 _cEscola São Tomás de Aquino
100 _aPELLEGRINI, Domingos
240 1 0 _aBicho-gente
_lpor
245 1 0 _aBicho-gente
300 _a143
362 0 _a1998
440 1 _aÁtica
697 _a*LITERATURA JUVENIL
942 _cBK
999 _c152054
_d152054